| 000 | 00902nam a2200217 a 4500 | ||
|---|---|---|---|
| 001 | 000027485 | ||
| 005 | 20200930030853.0 | ||
| 008 | 110401s1976 dr ac 000 0 spa d | ||
| 040 |
_aDO-SdBNP _bspa _cBNPHU |
||
| 082 |
_axxxx _bxxxx |
||
| 100 | 1 |
_aGarcía Arávelo, Manuel Antonio _954564 |
|
| 245 | 1 | 4 |
_aLas espatulas vomicas sonajeras de la cultura taina / _cManuel Antonio García Arévalo, Luis Chanlatte Baik. |
| 260 |
_aSanto Domingo : _bMuseo del Hombre Dominicano _bFudación García Arévalo, _c1976. _fAmigo del Hogar |
||
| 300 |
_a55 p. : _bil., retrs. ; _c24 cm. |
||
| 490 | 1 |
_aInvestigaciones _v4 |
|
| 500 | _aVersión aumentada de la ponencia presentada en el XLII Congreso Internacional de Americanistas | ||
| 500 | _aIncluye referencias bibliográficas y notas al pie de las páginas | ||
| 700 | 1 |
_aChanlatte Baik, Luis _954565 |
|
| 830 | 0 |
_aInvestigaciones _n4 _936873 |
|
| 049 | _aBNPD | ||
| 999 |
_c26977 _d26977 |
||